Biblioteca

In good company : (Registro nro. 66208)

Detalles MARC
000 -LÍDER
Campo fijo de descripción fija 01551cam a2200409 i 4500
001 - NÚMERO DE CONTROL
Campo de control 768714001
003 - IDENTIFICADOR DEL NÚMERO DE CONTROL
Campo de control CO-MdFUSB
005 - FECHA Y HORA DE LA ULTIMA TRANSACCIÓN
control field 20200622161656.0
007 - CAMPO FIJO DE DESCRIPCIÓN FIJA--INFORMACIÓN GENERAL
Campo fijo de descripción fija ta
008 - ELEMENTOS DE LONGITUD FIJA -- INFORMACIÓN GENERAL
Campo fijo de descripción fija -- Información general 000526t2000 wiu 000 0aeng
010 ## - NÚMERO DE CONTROL DE LA BIBLIOTECA DEL CONGRESO
Número de control LC 00041968
020 ## - NÚMERO INTERNACIONAL NORMALIZADO PARA LIBROS
Número Internacional Normalizado del libro 1580510817
Información adicional (pbk. :
-- alk. paper)
020 ## - NÚMERO INTERNACIONAL NORMALIZADO PARA LIBROS
Número Internacional Normalizado del libro 9781580510813
Información adicional (pbk. :
-- alk. paper)
040 ## - FUENTE DE CATALOGACIÓN
Agencia de catalogación original DLC
Idioma de catalogación eng
Agencia que realiza la transcripción CO-MdFUSB
Agencia que realiza la modificación RMC
-- CO-MdFUSB
-- BAKER
-- BTCTA
-- YDXCP
-- IG#
-- OCLCA
-- OCLCF
-- OCLCQ
-- KAG
-- OCLCQ
-- STA
-- UtOrBLW
Convenciones de la descripción rda
041 ## - CÓDIGO DE IDIOMA
Código de idioma para texto/pista de sonido o título separado eng
042 ## - AUTHENTICATION CODE
Authentication code pcc
043 ## - GEOGRAPHIC AREA CODE
Geographic area code n-us---
-- f-ke---
082 ## - NÚMERO DE CLASIFICACIÓN DECIMAL DEWEY
Número de la edición del Dewey 23
Número de clasificación 271.5302
Clave de autor-Numero de item M381
100 1# - ASIENTO PRINCIPAL--NOMBRE PERSONAL
Nombre personal Martin, James,
Fechas asociadas con el nombre 1960-
Término relacionador autor
245 10 - TÍTULO
Título del Material In good company :
Parte restante del título - Subtitulo the fast track from the corporate world to poverty, chastity, and obedience
Mención de responsabilidad, etc. / James Martin.
264 #1 - PRODUCCIÓN, PUBLICACIÓN, DISTRIBUCIÓN, MANUFACTURA, Y COPYRIGHT
Lugar de producción, publicación, distribución, manufactura Franklin, Wis. :
Nombre del productor, publicador, distribuidor Sheed & Ward,
Fecha de producción, publicación, distribución, manufactura, o copyright [2000]
264 #4 - PRODUCCIÓN, PUBLICACIÓN, DISTRIBUCIÓN, MANUFACTURA, Y COPYRIGHT
Fecha de producción, publicación, distribución, manufactura, o copyright © 2000
300 ## - DESCRIPCIÓN FÍSICA
Extensión 202 páginas ;
Dimensiones 21 cm.
336 ## - TIPO DE CONTENIDO
Término de tipo de contenido texto
Código de tipo de contenido txt
Fuente rdacontent.
337 ## - TIPO DE MEDIO
Nombre del tipo de medio sin mediación
Código del tipo de medio n
Fuente rdamedia.
338 ## - TIPO DE SOPORTE
Nombre del tipo de soporte volumen
Código Tipo de soporte nc
Fuente rdacarrier.
505 ## - NOTA DE CONTENIDO
Nota de contenido con formato preestablecido Parte 1. Corazones inquietos. Leges sine moribus vanae - Pétalos en una rama - Un gancho invisible - Parte 2. Ven y mira. Una caña magullada - El signo de Jonas - La manera es ordinaria - Parte 3. Tarde te he amado. Religioso por naturaleza - Tareas simples - Ver la vida entera.
563 ## - NOTA DE ENCUADERNACIÓN
Nota de encuadernación Rústico
650 #7 - ASIENTO SECUNDARIO DE MATERIA - TERMINO TEMÁTICO
Término temático o nombre geográfico como elemento de entrada Misioneros
9 (RLIN) 931
651 #7 - ASIENTO SECUNDARIO DE MATERIA - NOMBRE GEOGRAFICO
Nombre geográfico Kenya
Subdivisión geográfica Nairobi.
Fuente del encabezamiento o término fast
651 #7 - ASIENTO SECUNDARIO DE MATERIA - NOMBRE GEOGRAFICO
Nombre geográfico United States.
Fuente del encabezamiento o término fast
655 #7 - TERMINO DE INDIZACION - GENERO/FORMA
Datos o término principal de género/forma Biography.
942 ## - TIPO DE MATERIAL (KOHA)
Tipo de Item KOHA Libros General
945 ## - INFORMACIÓN LOCAL DEL REGISTRO
Catalogador JTF-925
Existencias
Estado de Material Estado de Perdido Forma de Clasificación Estado de Dañado No para Préstamo Biblioteca de Origen Biblioteca Permanente Fecha de Adquisición Área Total de Préstamos Signatura Topográfica Código de Barras Última vez visto Ejemplar/Existencia Fecha de Remplazo Tipo de Material
    Dewey Decimal Classification     Biblioteca FUSBC Biblioteca FUSBC 22/06/2020 MISIONES / EVANGELISMO   G 271.5302 M381i 9420 22/06/2020 Ej.1 22/06/2020 Libros General

Biblioteca FUSBC | Teléfono: (57+4) 349 88 10 Ext. 141| WhatsApp (+57) 3005338115 
E-mail: biblioteca@unisbc.edu.co | Calle 76 87-14 Robledo Palenque, Medellín, Colombia

Con tecnología Koha